000 01053nam0a22002411 4500
001 rc\358847
005 20260407134822.0
035 _a(NLR Aleph) 005584439
090 _a6146621
_c6146621
100 _a20030307d1989 |||y0rusy50 ca
101 0 _arus
102 _aRU
105 _aa |||||||||
200 1 _aРекомендации по проектированию покрытий производственных зданий с железобетонными панелями-оболочками КСО
_fНИИ строит. конструкций, Белгор. технол. ин-т строит. материалов им. И.А. Гришманова
210 _aКиев
_aБелгород
_cНИИСК
_d1989
215 _a192, [1] с.
_cил.
_d20
320 _aБиблиогр.: с. 190-192 (23 назв.)
712 0 2 _aНИИ строительных конструкций
_cКиев
_3RU\NLR\AUTH\8810002735
_9502697
801 0 _aRU
_bNLR
_gpsbo
801 1 _aRU
_bELAR
_2rusmarc
852 _aNLR
_j89-3/16384
942 _cBOOK
980 _aNB